000 00318nam a2200121Ia 4500
008 190216s9999||||xx |||||||||||||| ||und||
100 _aMisra S K & Puri V K
245 0 _aEconomics Of Development And Planning
260 _bHimalaya Publishing House
_c1999
300 _a758p
650 _aEconomics
942 _cBK
999 _c10247
_d10247